Magnetic Properties of Amorphous Metals : Konf. Benalmádena. Spain. May 25-29,1987

Saved in:
Bibliographic Details
Format: Book
Language:English
Published: Amsterdam : Elsevier, 1987
Subjects:
Tags: Add Tag
No Tags, Be the first to tag this record!

MARC

LEADER 00000nam a22000003a 4500
001 stu44692
005 20150408180425.2
008 950531s1987----ne------------------eng-d
020 |a 0-444-87086-5 
040 |a STU  |b slo 
041 0 |a eng 
044 |a ne 
080 |a 620.22(082) 
245 |a Magnetic Properties of Amorphous Metals :  |b Konf. Benalmádena. Spain. May 25-29,1987 
260 |a Amsterdam :  |b Elsevier,  |c 1987 
300 |a 380 s 
650 7 |a Kovy amorfné  |2 stusub 
650 7 |a zborníky  |2 stusub 
996 |b 284M025807  |c M*9219-1  |l MMKN  |s A  |a 24  |w stu44692_0001